1 step forward, 3 steps back - Olivia Rodrigo (All Lyrics) - Statistics

General Stats
  • This quiz has been taken 60 times
  • The average score is 228 of 259
Answer Stats
Lyrics % Correct
a
100%
I
100%
me
100%
me,
100%
me?
100%
you
100%
You
100%
you,
100%
always
97%
back
97%
Do
97%
do
97%
forward
97%
it
97%
it's
97%
It's
97%
on
97%
step
97%
steps
97%
your
97%
and
95%
And
95%
love
95%
No,
95%
No
95%
of
95%
one
95%
the
95%
three
95%
to
95%
want
95%
boy
92%
boy?
92%
Boy,
92%
did
92%
hate
92%
I'm
92%
life
92%
make
92%
All
89%
all
89%
ask
89%
don't
89%
Just
89%
mad
89%
until
89%
Called
86%
in
86%
phone
86%
today
86%
today?
86%
understand
86%
so
84%
some
84%
speak
84%
how
81%
normally
81%
was
81%
Like,
78%
something
78%
wrong
78%
wrong?
78%
am
76%
Am
76%
'Cause
76%
fun,
76%
give
76%
had
76%
kind
76%
that
76%
up
76%
ever
73%
got
73%
head,
73%
still
73%
were
73%
forth,
70%
get
70%
or
70%
over
70%
pretty?
70%
say
70%
Somehow,
70%
struck
70%
but
68%
crying?
68%
fucked
68%
kinda
68%
much
68%
nerve
68%
send
68%
this
68%
way
68%
doubted
65%
everything
65%
find
65%
going
65%
home
65%
is
65%
lover
65%
maybe
65%
myself
65%
power
65%
which
65%
will
65%
Will
65%
Yeah,
65%
door
62%
fault
62%
Never
62%
said
62%
walk
62%
exciting
59%
I'd
57%
instead
57%
stuff
57%
rollercoaster's
54%
leave
51%
masochistic
43%
No matching quizzes found
Score Distribution
Percent of People with Each Score
Percentile by Number Answered
Your Score History
You have not taken this quiz